000 00848nam a2200301 a 4500
001 000114892
003 CHAP
005 20220329144503.0
008 180727s2012 mx a |r| |||||||spa d
010 _a111353
011 _a112325
040 _cCHAP
090 _aFolleto 7032
_b(2012)
100 0 0 _aGándara, Guillermo.
_948392
245 1 3 _aEl árbol /
_cpor Guillermo Gándara.
250 _a2 ed.
260 _aMéxico :
_bMatanga,
_c2012.
300 _a45p. :
_bil.
590 _aE11695DGD
_b10
_c20180730
_lUCH01
_h1539
590 _aE6339RRR
_b05
_c20180727
_lUCH01
_h1201
590 _aE6339RRR
_b05
_c20180727
_lUCH01
_h1456
650 1 4 _aÁrboles
_xFisiología y morfología.
_96599
650 1 4 _aÁrboles
_xVariedades.
_982441
650 1 4 _aBosques
_xPreservación
_zMéxico.
_9129334
901 _aBK
942 _cFOLL
942 _n0
999 _c111353
_d111353